LEADER 01318nam0 22002773i 450 001 VAN00113471 005 20240806100748.935 010 $a978-88-916219-2-4 100 $a20180110d2017 |0itac50 ba 101 $aita 102 $aIT 105 $a|||| ||||| 200 1 $aHome sharing e fisco$ela tassazione di Airbnb e altre forme di host$ele strutture alternative di ospitalità, la normativa IVA, le tasse sui proventi , gli obblighi di certificazione e gli altri adempimenti, le agevolazioni fiscali, quesiti e risposte$fMaurizio Secco 205 $aSantarcangelo di Romagna : Maggioli$b2017 210 $a155 p.$a24 cm 215 $aIn calce al frontespizio: In collaborazione con Hintown. 410 1$1001VAN00001316$12001 $aProfessionisti & imprese$1210 $aSantarcangelo di Romagna$cMaggioli$v231 620 $dSantarcangelo di Romagna$3VANL000123 700 1$aSecco$bMaurizio$3VANV087582$0742521 712 $aMaggioli $3VANV108045$4650 801 $aIT$bSOL$c20240906$gRICA 899 $aBIBLIOTECA DEL DIPARTIMENTO DI ECONOMIA$1IT-CE0106$2VAN03 912 $aVAN00113471 950 $aBIBLIOTECA DEL DIPARTIMENTO DI ECONOMIA$d03PREST IIAe76 $e03BDE1637 20180110 996 $aHome sharing e fisco$91475411 997 $aUNICAMPANIA